543 - Dary
Ekonomické vymedzenie pojmy dary. Darca a obdarovaný. Účtovné vymedzenie. Analytická evidencia. Prípadové štúdie.
Salvato in:
| Autore principale: | |
|---|---|
| Natura: | Capitolo di libro |
| Lingua: | slovacco |
| Soggetti: | |
| Tags: |
Nessun Tag, puoi essere il primo ad aggiungerne!!
|
MARC
| LEADER | 00000naa$a2200000$$$4500 | ||
|---|---|---|---|
| 001 | 0051304 | ||
| 005 | 20240502071610.4 | ||
| 041 | 0 | |a slo | |
| 044 | |a SK | ||
| 245 | 1 | 0 | |a 543 - Dary |c Sylvia Kastlerová |
| 520 | |a Ekonomické vymedzenie pojmy dary. Darca a obdarovaný. Účtovné vymedzenie. Analytická evidencia. Prípadové štúdie. | ||
| 610 | 2 | 0 | |a triedy účtové |
| 610 | 2 | 0 | |a evidencia analytická |
| 610 | 2 | 0 | |a jednotka účtovná |
| 610 | 2 | 0 | |a účtovanie |
| 610 | 2 | 0 | |a účty analytické |
| 610 | 2 | 0 | |a účty syntetické |
| 610 | 2 | 0 | |a doklady účtovné |
| 610 | 2 | 0 | |a dary |
| 100 | 1 | |a Kastlerová, Sylvia | |